Missing Word: Super NES Games Quiz Stats

Quiz Updated May 22, 2015

Challenge
Share
Tweet
Embed
Score 0/22 Timer 02:00
1 Play Today
Game Missing Word % Correct
Donkey ____ CountryKong
97.2%
Super ____ WorldMario
95.3%
Sim ____City
85.9%
Ultimate Mortal ____ 3Kombat
85.5%
Super ____ Fighter II TurboStreet
72.3%
Bust-a-____Move
68.6%
The Legend of Zelda: A ____ to the PastLink
66.8%
____ FoxStar
64.9%
____ Man XMega
59.5%
Super Ghouls 'N ____Ghosts
56.8%
Teenage Mutant Ninja Turtles: Turtles in ____Time
51%
Game Missing Word % Correct
Chrono ____Trigger
50.5%
____ Ate My NeighborsZombies
47.5%
Super Double ____Dragon
42.1%
Breath of ____Fire
36.1%
Secret of ____Mana
35%
____ Dream CourseKirby's
28.5%
The ____ VikingsLost
23.5%
Illusion of ____Gaia
21.6%
The Legend of the Mystical ____Ninja
21%
The Death and Return of ____Superman
14.1%
X-Men: Mutant ____Apocalypse
9.6%

Today's Daily Dose

You're not logged in!

Compare scores with friends on all Sporcle quizzes.
Join for Free
OR
Log In

You Might Also Like...

Show Comments

Extras

Top Quizzes Today


Score Distribution

Your Account Isn't Verified!

In order to create a playlist on Sporcle, you need to verify the email address you used during registration. Go to your Sporcle Settings to finish the process.

Report this User

Report this user for behavior that violates our Community Guidelines.

Details: